Popularne Stacje Radiowe - Statystyki

Ogólne statystyki
  • Ten quiz został rozwiązany 429 razy
  • Średni wynik to 4 z 7
Statystyki odpowiedzi
Odpowiedzi % Poprawnych
RMF FM
93%
Radio Zet
89%
Eska
81%
Radio Maryja
51%
RMF MAXX
42%
VOX FM
38%
Program I Polskiego Radia
7%
Nie znaleziono quizów pasujących do podanych kryteriów
Rozkład punktacji
Procent ludzi z każdym wynikiem
Percentyl według liczby udzielonych odpowiedzi
Twoja historia wyników
Nie rozwiązałeś tego quizu